Normal view
MARC view
- Spiritualism
Entry Topical Term
001 - CONTROL NUMBER
- control field: 3589
003 - CONTROL NUMBER IDENTIFIER
- control field: NUST
005 - DATE AND TIME OF LATEST TRANSACTION
- control field: 20170726190010.0
008 - FIXED-LENGTH DATA ELEMENTS
- fixed length control field: 170726|| aca||aabn | a|a d
040 ## - CATALOGING SOURCE
- Original cataloging agency: NUST
- Transcribing agency: NUST
150 ## - HEADING--TOPICAL TERM
- Topical term or geographic name entry element: Spiritualism
670 ## - SOURCE DATA FOUND
- Source citation: Work cat.: (NUST)0: 880-01 Usmani, Zeeshan-ul-hassan, author. 3588, Justujū kā safar /
